000 00740nam a2200241Ia 4500
003 OSt
005 20220928125355.0
006 a|||||r|||| 00| 0
007 ta
008 220927b |||||||| |||| 00| 0 eng d
024 _a89609
037 _cTextual
040 _aSDCL
_cSDCL
_beng
041 _2eng
_aeng
082 _aY15k, P1 RR
100 _aWorell Judith Ed.
_9469404
245 0 _aEncyclopedia of women and gender
_b Sex similarities and differences and the impact of society on gender.2V
260 _aSan
_bDiego Academic press
_c2001
300 _axvii,643p.
_ccm.
650 _aEncyclopedia Women Gender
_9469405
942 _hY15k, P1 RR
_cTEXL
_2CC
999 _c782065
_d782065